| 000 | 004280000a22001690004500 | ||
|---|---|---|---|
| 003 | LK-CoMWRAF | ||
| 008 | 230817t ||||| |||| 00| 0 eng d | ||
| 020 | _a0814470408 | ||
| 040 |
_aLK-CoMWRAF _dLK-CoMWRAF _eLK-CoMWRAF |
||
| 041 | _aeng | ||
| 082 |
_a020 _bCOL |
||
| 100 | _aCollins John | ||
| 245 |
_aPerfect Presentations _bSelf - Development For Success |
||
| 260 |
_aNew York _bAMACOM _c1998 |
||
| 300 | _ap.96 | ||
| 942 | _cBK | ||
| 999 |
_c454 _d454 |
||